000 01194nam a2200253Ia 4500
999 _c37640
_d37640
001 3612
003 GE_BSU
005 20190624153810.0
008 181216s2009||||ge |||||||||||||| ||geo||
020 _a9789941100963
040 _cGE_BSU
041 _ageo
080 _a341.226 გ–43
100 _aგეფერიძე, დავით
_92831
245 _aსაერთაშორისო საჰაერო სამართალი /
_cდავით გეფერიძე ; სამეცნ. რედ. ლევან ალექსიძე ; გამოც. რედ. მანონ ღუდუშაური.
264 _aთბილისი :
_bმერიდიანი,
_c2009.
300 _a723 გვ. ;
_b21 სმ.
504 _aბიბლიოგრ. ტექსტ. შენიშვნ.
520 _aრეზ. რუს.
653 _aსაერთაშორისო საჰაერო სამართალი
700 _aალექსიძე, ლევან
_eრედაქტორი
_9163
700 _aღუდუშაური, მანონ
_eრედაქტორი
_92832
942 _cBK
_2udc